| 000 | 00629nam a22001937a 4500 | ||
|---|---|---|---|
| 999 |
_c169559 _d169559 |
||
| 005 | 20191122165926.0 | ||
| 010 | _aUR-10609 | ||
| 020 |
_c200.00 _a9789389002881 |
||
| 035 | _aU-9164 | ||
| 037 |
_bDBAD/PUB _a- |
||
| 082 | _a841 | ||
| 100 | _aو ا صف ا سعد ی | ||
| 245 |
_aميز ا ن جنو ں _cو ا صف ا سعد ی |
||
| 246 |
_bMeezan-e-Junoon (Urdu) _aby Wasif ASadi |
||
| 260 |
_aDelhi _bEducational Publishing House _c2019 ء |
||
| 270 |
_a3191,Vakil Street, Kucha Pandit,Lal Kuan, _bDelhi _e110006 _k01123216162 _l- |
||
| 300 |
_a160 ص _c22 Cm(Hb) |
||
| 942 |
_2ddc _cUR _h841 _mو ا ص |
||